Famous Women of the 1980s: Picture Quiz - Statistics

General Stats
  • This quiz has been taken 39 times
  • The average score is 14 of 20
Answer Stats
Picture Hint Answer % Correct
singer Madonna
100%
government Margaret Thatcher
100%
television personality Oprah Winfrey
100%
royalty Princess Diana
100%
singer Tina Turner
97%
singer Whitney Houston
92%
actress Carrie Fisher
89%
government Nancy Reagan
86%
actress Jane Fonda
84%
actress Molly Ringwald
70%
actress Winona Ryder
68%
singer Joan Jett
65%
athlete Jackie Joyner-Kersee
59%
astronaut Sally Ride
57%
actress Kathleen Turner
49%
television news anchor Barbara Walters
46%
actress Lisa Bonet
46%
athlete Mary Lou Retton
46%
government Sandra Day O'Connor
38%
astronaut Christa McAuliffe
19%
No matching quizzes found
Score Distribution
Percent of People with Each Score
Percentile by Number Answered
Your Score History
You have not taken this quiz